Normal view
MARC view
- COMPUTATIONAL METHODS IN ELECTROMAGNETICS.ELECTROMAGNETICS
Entry Topical Term
001 - CONTROL NUMBER
- control field: 68576
003 - CONTROL NUMBER IDENTIFIER
- control field: NUST
005 - DATE AND TIME OF LATEST TRANSACTION
- control field: 20210628204053.0
008 - FIXED-LENGTH DATA ELEMENTS
- fixed length control field: 210628|| aca||aabn | a|a d
040 ## - CATALOGING SOURCE
- Original cataloging agency: NUST
- Transcribing agency: NUST
150 ## - HEADING--TOPICAL TERM
- Topical term or geographic name entry element: COMPUTATIONAL METHODS IN ELECTROMAGNETICS.ELECTROMAGNETICS
670 ## - SOURCE DATA FOUND
- Source citation: Work cat.: (NUST): Garg, Ramesh 68575, Analytical and computational methods in electromagnetics, 2008
